000 00200nam a2200085Ia 4500
008 120527s9999 xx 000 0 und d
100 _aMorris & Maisto
245 _aUnderstanding Psychology
942 _cBK
999 _c27425
_d27425